US States Containing H - One Minute Sprint - Statistics

General Stats
  • This quiz has been taken 211 times
  • The average score is 10 of 14
Answer Stats
State % Correct
Hawaii
87%
New Hampshire
85%
North Dakota
80%
South Dakota
79%
Ohio
78%
North Carolina
77%
South Carolina
77%
Washington
74%
Michigan
68%
Idaho
66%
Utah
64%
Massachusetts
62%
Oklahoma
59%
Rhode Island
58%
No matching quizzes found
Score Distribution
Percent of People with Each Score
Percentile by Number Answered
Your Score History
You have not taken this quiz